000
00342nam a22001577a 4500
003
macl
005
20201003125636.0
008
201003b xxu||||| |||| 00| 0 eng d
040
_c
macl
082
_a
824
100
_a
SC Gupta
_9
17301
245
_a
151 Essays
260
_a
Arihant
_b
India
650
_a
Essays
_9
79910
942
_2
ddc
_c
BK
999
_c
63452
_d
63452